Catalog

Record Details

Catalog Search



Star wars, the clone wars. The complete season ... Read More

Available copies

  • 0 of 1 copy available at LARL/NWRL Consortium.
  • 0 of 1 copy available at Northwest Regional Library. (Show preferred library)

Current holds

0 current holds with 1 total copy.

Show All Copies
Location Call Number / Copy Notes Barcode Shelving Location Status Due Date

Record details

  • ISBN: 9781419887963 (set)
  • ISBN: 1419887963 (set)
  • Physical Description: 1 videodisc ( ca. 125 min.) : sd., col. ; 4 3/4 ... Read More
  • Publisher: United States : Warner Home Video, 2009

Content descriptions

General Note:
Title from container.
Special features include behind-the-scenes fearturette on each episode.
Formatted Contents Note:
Disc 1. Ambush -- Rising malevolecne -- Shadow of ... Read More
Date/Time and Place of an Event Note:
Originally broadcast as episodes of the television ... Read More
Summary, etc.:
The Clone Wars fills in the blanks of the original ... Read More
System Details Note:
DVD, widescreen.
Language Note:
English, French, or Spanish dialogue; English, ... Read More
Subject: Vader, Darth (Fictitious character) > Juvenile films.
Kenobi, Obi-Wan (Fictitious character) > Juvenile films.
Interplanetary voyages > Juvenile films.
Apprentices > Juvenile films.
Genre: Animated television programs.
Fiction television programs.
Video recordings for the hearing impaired.
LDR 02323cgm a2200433Ia 4500
001111442
003LARL_NWRL_CONSORTIUM
00520091204142606.0
007vd cvaizu
008091029s2009 xxu125 j vaeng d
020 . ‡a9781419887963 (set)
020 . ‡a1419887963 (set)
0241 . ‡a883929094578
035 . ‡a(OCoLC)460950005
040 . ‡aFMG ‡cFMG ‡dTEF ‡dNRG
08204. ‡a791.45/75 ‡222
24510. ‡aStar wars, the clone wars. ‡nThe complete season one. ‡pDisc 1 ‡h[DVD/videorecording] / ‡cLucasfilm Ltd.
260 . ‡aUnited States : ‡bWarner Home Video, ‡c2009
300 . ‡a1 videodisc ( ca. 125 min.) : ‡bsd., col. ; ‡c4 3/4 in.
538 . ‡aDVD, widescreen.
546 . ‡aEnglish, French, or Spanish dialogue; English, French, or Spanish subtitles; English subtitles for the deaf and hard of hearing.
500 . ‡aTitle from container.
518 . ‡aOriginally broadcast as episodes of the television series on Cartoon Network.
50500. ‡gDisc 1. ‡tAmbush -- ‡tRising malevolecne -- ‡tShadow of malevolence -- ‡tDestroy Malevoence -- ‡tRookies.
500 . ‡aSpecial features include behind-the-scenes fearturette on each episode.
520 . ‡aThe Clone Wars fills in the blanks of the original Star Wars film, when Obi-Wan Kenobi tells Luke Skywalker that he was once a Jedi Knight, the same as Luke's father, and that they fought together in the Clone Wars. Takes place immediately after the events of Star Wars Episode II: Attack of the Clones. Follows Obi-Wan Kenobi and his apprentice, Anakin Skywalker, and introduces us to new characters such as Ahsoka Tano, Anakin's Padawan learner.
650 0. ‡aVader, Darth (Fictitious character) ‡vJuvenile films.
650 0. ‡aKenobi, Obi-Wan (Fictitious character) ‡vJuvenile films.
650 0. ‡aInterplanetary voyages ‡vJuvenile films.
650 0. ‡aApprentices ‡vJuvenile films.
655 0. ‡aAnimated television programs. ‡0(LARL_NWRL_CONSORTIUM)175705
655 0. ‡aFiction television programs. ‡0(LARL_NWRL_CONSORTIUM)175627
655 0. ‡aVideo recordings for the hearing impaired. ‡0(LARL_NWRL_CONSORTIUM)175744
7102 . ‡aLucasfilm, Ltd. ‡0(LARL_NWRL_CONSORTIUM)69822
7102 . ‡aCartoon Network (Television network) ‡0(LARL_NWRL_CONSORTIUM)151268
7102 . ‡aWarner Home Video (Firm) ‡0(LARL_NWRL_CONSORTIUM)139520
901 . ‡a111442 ‡bOCLC ‡c111442 ‡tbiblio

Additional Resources